[Event "Russian Championship (Rapid, Men)"]
[Site "Sochi"]
[Date "2018.10.05"]
[Round "4.31"]
[White "Alexeev, Alexey"]
[Black "Usmanov, Vasily"]
[Result "1-0"]
[BlackElo "2486"]
[WhiteElo "2283"]
[LiveChessVersion "1.4.8"]

1. e4 {[%clk 0:15:18]} e6 {[%clk 0:15:19]} 2. d4 {[%clk 0:15:26]} d5
{[%clk 0:15:28]} 3. Nd2 {[%clk 0:15:33]} c5 {[%clk 0:15:36]} 4. c3
{[%clk 0:15:40]} Nc6 {[%clk 0:15:19]} 5. Ngf3 {[%clk 0:15:48]} cxd4
{[%clk 0:14:52]} 6. cxd4 {[%clk 0:15:56]} Nf6 {[%clk 0:14:52]} 7. Bd3
{[%clk 0:15:53]} dxe4 {[%clk 0:14:07]} 8. Nxe4 {[%clk 0:16:01]} Bb4+
{[%clk 0:14:13]} 9. Nc3 {[%clk 0:16:02]} O-O {[%clk 0:14:14]} 10. O-O
{[%clk 0:16:06]} b6 {[%clk 0:14:04]} 11. a3 {[%clk 0:16:02]} Be7 {[%clk 0:12:11]}
12. Re1 {[%clk 0:15:40]} Bb7 {[%clk 0:12:13]} 13. Bc2 {[%clk 0:15:48]} Re8
{[%clk 0:11:24]} 14. Qd3 {[%clk 0:15:48]} g6 {[%clk 0:10:22]} 15. Bh6
{[%clk 0:12:07]} Rc8 {[%clk 0:08:47]} 16. Rad1 {[%clk 0:11:42]} Nd5
{[%clk 0:08:55]} 17. Ba4 {[%clk 0:08:19]} Nxc3 {[%clk 0:08:31]} 18. bxc3
{[%clk 0:08:25]} Qd5 {[%clk 0:08:13]} 19. c4 {[%clk 0:07:47]} Qa5
{[%clk 0:06:41]} 20. Bxc6 {[%clk 0:05:42]} Bxc6 {[%clk 0:06:46]} 21. d5
{[%clk 0:05:48]} Ba4 {[%clk 0:05:44]} 22. dxe6 {[%clk 0:04:41]} Bxd1
{[%clk 0:04:39]} 23. exf7+ {[%clk 0:03:52]} Kxf7 {[%clk 0:04:46]} 24. Qd4
{[%clk 0:03:11]} Qxe1+ {[%clk 0:03:01]} 25. Nxe1 {[%clk 0:03:20]} Rcd8
{[%clk 0:02:03]} 26. Qg7+ {[%clk 0:02:21]} Ke6 {[%clk 0:02:12]} 27. h3
{[%clk 0:02:12]} Rh8 {[%clk 0:00:49]} 28. Bf4 {[%clk 0:01:50]} a5
{[%clk 0:00:15]} 29. Qe5+ {[%clk 0:01:32]} Kf7 {[%clk 0:00:25]} 30. g4
{[%clk 0:01:04]} Rhe8 {[%clk 0:00:22]} 31. g5 {[%clk 0:00:48]} Bxa3
{[%clk 0:00:14]} 32. Qf6+ {[%clk 0:00:49]} Kg8 {[%clk 0:00:23]} 33. Be5
{[%clk 0:00:52]} Bf8 {[%clk 0:00:18]} 34. Qh8+ {[%clk 0:00:51]} Kf7
{[%clk 0:00:27]} 35. Qxh7+ {[%clk 0:01:00]} Ke6 {[%clk 0:00:35]} 36. Bc7
{[%clk 0:01:01]} Rc8 {[%clk 0:00:41]} 37. Qxg6+ {[%clk 0:01:08]} Kd7
{[%clk 0:00:49]} 38. Qd3+ {[%clk 0:00:53]} Kxc7 {[%clk 0:00:57]} 39. Qxd1
{[%clk 0:01:02]} a4 {[%clk 0:01:03]} 40. Nd3 {[%clk 0:01:05]} a3 {[%clk 0:01:08]}
41. Nf4 {[%clk 0:01:07]} Bc5 {[%clk 0:01:08]} 42. Nd5+ {[%clk 0:01:13]} Kb7
{[%clk 0:01:15]} 43. Qf3 {[%clk 0:00:58]} Rf8 {[%clk 0:01:10]} 44. Nf6+
{[%clk 0:01:03]} Ka7 {[%clk 0:01:10]} 45. Qb3 {[%clk 0:01:02]} Ra8
{[%clk 0:00:37]} 46. Ne4 {[%clk 0:01:05]} Be7 {[%clk 0:00:26]} 47. c5
{[%clk 0:00:57]} Bxc5 {[%clk 0:00:14]} 48. Nxc5 {[%clk 0:01:01]} bxc5
{[%clk 0:00:23]} 49. Qxa3+ {[%clk 0:01:10]} Kb6 {[%clk 0:00:32]} 50. Qb3+
{[%clk 0:01:15]} Kc6 {[%clk 0:00:41]} 51. h4 {[%clk 0:01:18]} Rf4
{[%clk 0:00:30]} 52. Qe6+ {[%clk 0:01:17]} Kb5 {[%clk 0:00:37]} 53. Qe2+
{[%clk 0:01:17]} Kc6 {[%clk 0:00:35]} 54. h5 {[%clk 0:01:04]} Raa4
{[%clk 0:00:44]} 55. Qe6+ {[%clk 0:00:59]} Kb5 {[%clk 0:00:51]} 56. Qd7+
{[%clk 0:01:01]} Kb6 {[%clk 0:01:01]} 57. Qd8+ {[%clk 0:01:03]} Kc6
{[%clk 0:01:09]} 58. h6 {[%clk 0:00:48]} Rh4 {[%clk 0:01:12]} 59. Qe8+
{[%clk 0:00:35]} Kd6 {[%clk 0:01:21]} 60. g6 {[%clk 0:00:31]} Rag4+
{[%clk 0:00:31]} 61. Kf1 {[%clk 0:00:39]} Rh1+ {[%clk 0:00:38]} 62. Ke2
{[%clk 0:00:48]} Rgg1 {[%clk 0:00:42]} 63. Qf8+ {[%clk 0:00:45]} Ke5
{[%clk 0:00:51]} 64. Qxc5+ {[%clk 0:00:47]} Kf6 {[%clk 0:01:00]} 65. Qd6+
{[%clk 0:00:53]} Kg5 {[%clk 0:01:09]} 66. g7 {[%clk 0:00:50]} Kf5
{[%clk 0:00:13]} 67. Qd5+ {[%clk 0:00:47]} Kf4 {[%clk 0:00:22]} 68. Qxh1
{[%clk 0:00:48]} Rxh1 {[%clk 0:00:29]} 69. g8=Q {[%clk 0:00:54]} 1-0

[Event "Russian Championship (Rapid, Men)"]
[Site "Sochi"]
[Date "2018.10.05"]
[Round "4.34"]
[White "Taysayev, Timur"]
[Black "Sviridov, Valery"]
[Result "1-0"]
[BlackElo "2470"]
[WhiteElo "2266"]
[LiveChessVersion "1.4.8"]

1. e4 {[%clk 0:15:18]} Nf6 {[%clk 0:15:16]} 2. e5 {[%clk 0:15:27]} Nd5
{[%clk 0:15:24]} 3. d4 {[%clk 0:15:35]} d6 {[%clk 0:15:32]} 4. Nf3
{[%clk 0:15:43]} dxe5 {[%clk 0:15:39]} 5. Nxe5 {[%clk 0:15:51]} c6
{[%clk 0:15:46]} 6. c4 {[%clk 0:15:36]} Nb4 {[%clk 0:15:54]} 7. Na3
{[%clk 0:15:23]} Bf5 {[%clk 0:15:50]} 8. Be2 {[%clk 0:15:28]} Nd7
{[%clk 0:15:50]} 9. Bf4 {[%clk 0:15:04]} e6 {[%clk 0:15:38]} 10. O-O
{[%clk 0:14:44]} Be7 {[%clk 0:15:37]} 11. Qb3 {[%clk 0:14:15]} Nxe5
{[%clk 0:15:37]} 12. Bxe5 {[%clk 0:14:09]} f6 {[%clk 0:15:00]} 13. Bg3
{[%clk 0:14:09]} Qxd4 {[%clk 0:14:59]} 14. Rad1 {[%clk 0:14:13]} Qb6
{[%clk 0:15:04]} 15. Bd6 {[%clk 0:12:14]} Bxd6 {[%clk 0:14:45]} 16. Rxd6
{[%clk 0:12:23]} O-O {[%clk 0:14:19]} 17. g4 {[%clk 0:10:11]} Bg6
{[%clk 0:14:25]} 18. Rxe6 {[%clk 0:10:05]} Qc5 {[%clk 0:14:13]} 19. Qe3
{[%clk 0:08:38]} Qxe3 {[%clk 0:14:12]} 20. Rxe3 {[%clk 0:08:46]} Rfe8
{[%clk 0:14:11]} 21. c5 {[%clk 0:08:48]} Rxe3 {[%clk 0:13:46]} 22. fxe3
{[%clk 0:08:53]} Re8 {[%clk 0:13:19]} 23. Nc4 {[%clk 0:08:39]} Bf7
{[%clk 0:12:59]} 24. a3 {[%clk 0:05:43]} Nd5 {[%clk 0:13:00]} 25. Kf2
{[%clk 0:05:47]} b5 {[%clk 0:11:54]} 26. cxb6 {[%clk 0:05:30]} axb6
{[%clk 0:12:02]} 27. Bf3 {[%clk 0:05:27]} b5 {[%clk 0:10:49]} 28. Nd6
{[%clk 0:05:23]} Re5 {[%clk 0:10:57]} 29. Rc1 {[%clk 0:05:14]} Nxe3
{[%clk 0:08:19]} 30. Rxc6 {[%clk 0:05:13]} Be6 {[%clk 0:08:27]} 31. Rb6
{[%clk 0:04:46]} g5 {[%clk 0:07:32]} 32. Rxb5 {[%clk 0:04:45]} Nxg4+
{[%clk 0:07:35]} 33. Bxg4 {[%clk 0:04:44]} Rxb5 {[%clk 0:07:33]} 1-0

[Event "Russian Championship (Rapid, Men)"]
[Site "Sochi"]
[Date "2018.10.05"]
[Round "4.35"]
[White "Gorbatov, Alexej"]
[Black "Pogromsky, Mikhail"]
[Result "1/2-1/2"]
[BlackElo "2462"]
[WhiteElo "2249"]
[LiveChessVersion "1.4.8"]

1. c4 {[%clk 0:15:19]} b6 {[%clk 0:14:52]} 2. e4 {[%clk 0:14:35]} Bb7
{[%clk 0:14:50]} 3. Nc3 {[%clk 0:14:43]} c5 {[%clk 0:14:47]} 4. Nf3
{[%clk 0:14:39]} g6 {[%clk 0:13:13]} 5. d4 {[%clk 0:14:35]} cxd4 {[%clk 0:13:22]}
6. Nxd4 {[%clk 0:14:43]} Bg7 {[%clk 0:13:30]} 7. Be3 {[%clk 0:14:22]} Nc6
{[%clk 0:13:13]} 8. Be2 {[%clk 0:14:11]} Nf6 {[%clk 0:13:21]} 9. Nb3
{[%clk 0:13:50]} O-O {[%clk 0:12:38]} 10. O-O {[%clk 0:13:48]} d6
{[%clk 0:12:40]} 11. f3 {[%clk 0:13:32]} Nd7 {[%clk 0:12:32]} 12. Qd2
{[%clk 0:10:58]} Nc5 {[%clk 0:11:02]} 13. Rfd1 {[%clk 0:09:00]} Rc8
{[%clk 0:09:56]} 14. Bf1 {[%clk 0:07:35]} Re8 {[%clk 0:09:36]} 15. Rac1
{[%clk 0:07:29]} Qc7 {[%clk 0:09:18]} 16. Nd5 {[%clk 0:07:17]} Qb8
{[%clk 0:09:23]} 17. Nd4 {[%clk 0:07:19]} Nxd4 {[%clk 0:06:49]} 18. Bxd4
{[%clk 0:07:28]} Bxd4+ {[%clk 0:06:45]} 19. Qxd4 {[%clk 0:07:36]} Ne6
{[%clk 0:06:33]} 20. Qe3 {[%clk 0:07:42]} Nc7 {[%clk 0:06:29]} 21. Nc3
{[%clk 0:06:17]} Rcd8 {[%clk 0:05:52]} 22. Qh6 {[%clk 0:05:45]} e5
{[%clk 0:05:40]} 23. Nd5 {[%clk 0:02:23]} Nxd5 {[%clk 0:05:17]} 24. cxd5
{[%clk 0:02:24]} Rc8 {[%clk 0:05:07]} 25. Bb5 {[%clk 0:02:17]} Rxc1
{[%clk 0:04:56]} 26. Rxc1 {[%clk 0:02:25]} Rc8 {[%clk 0:05:05]} 27. Bc6
{[%clk 0:01:20]} Qa8 {[%clk 0:05:00]} 28. Bd7 {[%clk 0:01:26]} Rxc1+
{[%clk 0:04:45]} 29. Qxc1 {[%clk 0:01:35]} Qd8 {[%clk 0:04:54]} 30. Bh3
{[%clk 0:01:18]} b5 {[%clk 0:04:35]} 31. Qe3 {[%clk 0:00:43]} Qa5
{[%clk 0:04:07]} 32. a3 {[%clk 0:00:48]} b4 {[%clk 0:04:16]} 33. Kf2
{[%clk 0:00:29]} bxa3 {[%clk 0:04:20]} 34. Qxa3 {[%clk 0:00:30]} Qb6+
{[%clk 0:04:26]} 35. Kg3 {[%clk 0:00:21]} a5 {[%clk 0:03:20]} 36. Bd7
{[%clk 0:00:29]} Ba6 {[%clk 0:02:32]} 37. Bc6 {[%clk 0:00:26]} Qb4
{[%clk 0:02:08]} 38. Qxb4 {[%clk 0:00:29]} axb4 {[%clk 0:02:17]} 39. Kf2
{[%clk 0:00:24]} Kf8 {[%clk 0:02:26]} 40. Ke3 {[%clk 0:00:29]} Ke7
{[%clk 0:02:35]} 41. h4 {[%clk 0:00:35]} Kd8 {[%clk 0:02:38]} 42. g4
{[%clk 0:00:37]} h6 {[%clk 0:02:20]} 43. g5 {[%clk 0:00:40]} hxg5
{[%clk 0:02:19]} 44. hxg5 {[%clk 0:00:49]} Ke7 {[%clk 0:02:28]} 45. Ba4
{[%clk 0:00:35]} f6 {[%clk 0:02:26]} 46. gxf6+ {[%clk 0:00:41]} Kxf6
{[%clk 0:02:35]} 47. Bc2 {[%clk 0:00:42]} Kg5 {[%clk 0:02:36]} 48. Ba4
{[%clk 0:00:33]} Kf6 {[%clk 0:01:41]} 49. Bd7 {[%clk 0:00:39]} Kg5
{[%clk 0:01:47]} 50. Be6 {[%clk 0:00:35]} Kf6 {[%clk 0:01:53]} 51. Bd7
{[%clk 0:00:54]} Kg5 {[%clk 0:02:01]} 52. Be6 {[%clk 0:01:03]} Bb5
{[%clk 0:02:04]} 53. Bc8 {[%clk 0:01:11]} Kf6 {[%clk 0:02:10]} 54. Be6
{[%clk 0:01:19]} Kg5 {[%clk 0:02:10]} 55. Bc8 {[%clk 0:01:27]} Kf6 1/2-1/2

[Event "Russian Championship (Rapid, Men)"]
[Site "Sochi"]
[Date "2018.10.05"]
[Round "5.1"]
[White "Savchenko, Boris"]
[Black "Artemiev, Vladislav"]
[Result "1/2-1/2"]
[BlackElo "2764"]
[WhiteElo "2652"]
[LiveChessVersion "1.4.8"]

1. e4 {[%clk 0:15:18]} c6 {[%clk 0:15:16]} 2. d4 {[%clk 0:15:17]} d5
{[%clk 0:15:24]} 3. Nc3 {[%clk 0:15:24]} dxe4 {[%clk 0:15:31]} 4. Nxe4
{[%clk 0:15:32]} Nf6 {[%clk 0:15:39]} 5. Nxf6+ {[%clk 0:15:38]} exf6
{[%clk 0:15:47]} 6. c3 {[%clk 0:15:40]} Bd6 {[%clk 0:15:55]} 7. Bd3
{[%clk 0:15:47]} O-O {[%clk 0:16:02]} 8. Ne2 {[%clk 0:15:53]} Re8
{[%clk 0:16:10]} 9. Qc2 {[%clk 0:15:57]} h5 {[%clk 0:16:17]} 10. Be3
{[%clk 0:15:04]} Nd7 {[%clk 0:14:59]} 11. O-O-O {[%clk 0:15:09]} Nf8
{[%clk 0:13:59]} 12. c4 {[%clk 0:15:03]} Be6 {[%clk 0:13:22]} 13. Nc3
{[%clk 0:13:40]} Bb4 {[%clk 0:12:59]} 14. Ne4 {[%clk 0:13:02]} Qa5
{[%clk 0:11:28]} 15. a3 {[%clk 0:11:59]} Be7 {[%clk 0:11:24]} 16. Rhe1
{[%clk 0:11:55]} f5 {[%clk 0:09:56]} 17. Nc5 {[%clk 0:09:13]} Bf6
{[%clk 0:10:01]} 18. Kb1 {[%clk 0:03:17]} g6 {[%clk 0:08:14]} 19. Nxb7
{[%clk 0:02:46]} Qc7 {[%clk 0:08:22]} 20. Nc5 {[%clk 0:02:54]} f4
{[%clk 0:08:05]} 21. Bc1 {[%clk 0:02:46]} Bxd4 {[%clk 0:08:10]} 22. Nxe6
{[%clk 0:02:51]} Rxe6 {[%clk 0:07:41]} 23. Rxe6 {[%clk 0:03:00]} Nxe6
{[%clk 0:07:48]} 24. Bxg6 {[%clk 0:03:03]} Bg7 {[%clk 0:06:53]} 25. Bxh5
{[%clk 0:02:55]} Rb8 {[%clk 0:06:22]} 26. Qf5 {[%clk 0:01:27]} Nd4
{[%clk 0:06:08]} 27. Qe4 {[%clk 0:00:46]} f5 {[%clk 0:05:15]} 28. Qd3
{[%clk 0:00:51]} Qe5 {[%clk 0:04:09]} 29. Ka2 {[%clk 0:00:15]} f3
{[%clk 0:03:40]} 30. Qxd4 {[%clk 0:00:13]} Qxd4 {[%clk 0:03:49]} 31. Rxd4
{[%clk 0:00:22]} Bxd4 {[%clk 0:03:58]} 32. Bxf3 {[%clk 0:00:30]} c5
{[%clk 0:04:08]} 33. Bd5+ {[%clk 0:00:25]} Kg7 {[%clk 0:04:17]} 34. f3
{[%clk 0:00:21]} Re8 {[%clk 0:04:24]} 35. b4 {[%clk 0:00:19]} Re2+
{[%clk 0:04:10]} 36. Kb3 {[%clk 0:00:28]} Rxg2 {[%clk 0:04:18]} 37. Bf4
{[%clk 0:00:35]} Kf6 {[%clk 0:02:37]} 38. h4 {[%clk 0:00:28]} Rg1
{[%clk 0:01:52]} 39. Bd6 {[%clk 0:00:23]} cxb4 {[%clk 0:01:36]} 40. axb4
{[%clk 0:00:31]} Rh1 {[%clk 0:00:59]} 41. Bc7 {[%clk 0:00:14]} Ke7
{[%clk 0:01:00]} 42. c5 {[%clk 0:00:15]} Rxh4 {[%clk 0:00:17]} 43. Bb8
{[%clk 0:00:18]} Bf2 {[%clk 0:00:13]} 44. Bxa7 {[%clk 0:00:14]} Be1
{[%clk 0:00:22]} 45. Bc4 {[%clk 0:00:16]} Rf4 {[%clk 0:00:31]} 46. c6
{[%clk 0:00:21]} Rxf3+ {[%clk 0:00:36]} 47. Ka4 {[%clk 0:00:30]} Bg3
{[%clk 0:00:18]} 48. b5 {[%clk 0:00:24]} Rc3 {[%clk 0:00:16]} 49. Kb4
{[%clk 0:00:31]} Rc1 {[%clk 0:00:13]} 50. Bc5+ {[%clk 0:00:13]} Kd8
{[%clk 0:00:15]} 51. b6 {[%clk 0:00:31]} Kc8 {[%clk 0:00:12]} 52. Bf2
{[%clk 0:00:13]} Bxf2 {[%clk 0:00:13]} 53. Be6+ {[%clk 0:00:22]} Kb8
{[%clk 0:00:21]} 54. c7+ {[%clk 0:00:30]} Kb7 {[%clk 0:00:30]} 55. Bxf5
{[%clk 0:00:38]} Bxb6 1/2-1/2

[Event "Russian Championship (Rapid, Men)"]
[Site "Sochi"]
[Date "2018.10.05"]
[Round "5.2"]
[White "Antipov, Mikhail Al."]
[Black "Dubov, Daniil"]
[Result "1-0"]
[BlackElo "2697"]
[WhiteElo "2642"]
[LiveChessVersion "1.4.8"]

1. e4 {[%clk 0:15:10]} c5 {[%clk 0:15:10]} 2. Nf3 {[%clk 0:15:10]} e6
{[%clk 0:15:18]} 3. b3 {[%clk 0:15:14]} d6 {[%clk 0:15:26]} 4. Bb2
{[%clk 0:15:04]} Bd7 {[%clk 0:15:33]} 5. d4 {[%clk 0:14:19]} cxd4
{[%clk 0:15:41]} 6. Nxd4 {[%clk 0:14:28]} Nf6 {[%clk 0:15:50]} 7. Bd3
{[%clk 0:14:32]} Na6 {[%clk 0:15:59]} 8. c4 {[%clk 0:13:44]} Be7 {[%clk 0:16:01]}
9. Nc3 {[%clk 0:13:49]} O-O {[%clk 0:16:08]} 10. O-O {[%clk 0:13:55]} Nb4
{[%clk 0:16:00]} 11. Be2 {[%clk 0:13:42]} a6 {[%clk 0:16:01]} 12. Qd2
{[%clk 0:13:42]} Nc6 {[%clk 0:16:04]} 13. Rac1 {[%clk 0:13:07]} Rc8
{[%clk 0:16:11]} 14. Rfd1 {[%clk 0:13:11]} Nxd4 {[%clk 0:15:41]} 15. Qxd4
{[%clk 0:13:19]} Qc7 {[%clk 0:15:49]} 16. Ba3 {[%clk 0:12:34]} Bc6
{[%clk 0:15:55]} 17. Nd5 {[%clk 0:04:20]} Bxd5 {[%clk 0:15:01]} 18. cxd5
{[%clk 0:01:52]} Qa5 {[%clk 0:15:09]} 19. Bb4 {[%clk 0:01:42]} Qxa2
{[%clk 0:14:48]} 20. Bc4 {[%clk 0:01:45]} e5 {[%clk 0:11:54]} 21. Qe3
{[%clk 0:01:42]} b5 {[%clk 0:10:22]} 22. Rd2 {[%clk 0:01:34]} Qxd2
{[%clk 0:10:29]} 23. Bxd2 {[%clk 0:01:35]} bxc4 {[%clk 0:10:38]} 24. Rxc4
{[%clk 0:00:38]} Rxc4 {[%clk 0:08:49]} 25. bxc4 {[%clk 0:00:47]} Rc8
{[%clk 0:08:58]} 26. Qa7 {[%clk 0:00:39]} Bf8 {[%clk 0:08:56]} 27. Qxa6
{[%clk 0:00:37]} Rb8 {[%clk 0:09:05]} 28. f3 {[%clk 0:00:39]} Nd7
{[%clk 0:09:14]} 29. Qa7 {[%clk 0:00:33]} Rb1+ {[%clk 0:09:19]} 30. Kf2
{[%clk 0:00:42]} Nc5 {[%clk 0:09:22]} 31. Be3 {[%clk 0:00:43]} Nd3+
{[%clk 0:09:07]} 32. Ke2 {[%clk 0:00:43]} Nb4 {[%clk 0:09:15]} 33. Bd2
{[%clk 0:00:20]} Nc2 {[%clk 0:09:24]} 34. Bc3 {[%clk 0:00:25]} Rb3
{[%clk 0:09:25]} 35. Kd2 {[%clk 0:00:26]} Na3 {[%clk 0:09:32]} 36. Qa4
{[%clk 0:00:20]} Nb1+ {[%clk 0:09:38]} 37. Kc2 {[%clk 0:00:29]} Ra3
{[%clk 0:09:47]} 38. Qb4 {[%clk 0:00:26]} Rxc3+ {[%clk 0:09:52]} 39. Kxb1
{[%clk 0:00:35]} Re3 {[%clk 0:10:01]} 40. Qb2 {[%clk 0:00:29]} Re1+
{[%clk 0:09:54]} 41. Ka2 {[%clk 0:00:39]} g6 {[%clk 0:10:03]} 42. Qd2
{[%clk 0:00:47]} Rf1 {[%clk 0:10:05]} 43. c5 {[%clk 0:00:24]} dxc5
{[%clk 0:10:13]} 44. d6 {[%clk 0:00:33]} Bxd6 {[%clk 0:10:09]} 45. Qxd6
{[%clk 0:00:42]} Rf2+ {[%clk 0:10:18]} 46. Kb3 {[%clk 0:00:52]} Rxg2
{[%clk 0:10:26]} 47. Qb8+ {[%clk 0:01:00]} Kg7 {[%clk 0:10:34]} 48. Qxe5+
{[%clk 0:01:09]} Kg8 {[%clk 0:10:43]} 49. h4 {[%clk 0:01:13]} h5 {[%clk 0:10:52]}
50. f4 {[%clk 0:01:14]} Rf2 {[%clk 0:10:34]} 51. f5 {[%clk 0:01:16]} Rf3+
{[%clk 0:10:42]} 52. Kc4 {[%clk 0:01:24]} gxf5 53. exf5 {[%clk 0:01:33]} Rh3
{[%clk 0:10:47]} 54. Qf4 {[%clk 0:01:38]} f6 {[%clk 0:10:54]} 55. Kxc5
{[%clk 0:01:44]} Kg7 {[%clk 0:10:58]} 56. Qc7+ {[%clk 0:01:48]} Kh6
{[%clk 0:11:06]} 57. Qd8 {[%clk 0:01:52]} 1-0

[Event "Russian Championship (Rapid, Men)"]
[Site "Sochi"]
[Date "2018.10.05"]
[Round "5.3"]
[White "Sarana, Alexey"]
[Black "Bocharov, Ivan"]
[Result "0-1"]
[BlackElo "2668"]
[WhiteElo "2612"]
[LiveChessVersion "1.4.8"]

1. d4 {[%clk 0:15:19]} d5 {[%clk 0:15:20]} 2. Nf3 {[%clk 0:15:28]} Nf6
{[%clk 0:15:29]} 3. c4 {[%clk 0:15:37]} c6 {[%clk 0:15:38]} 4. Nc3
{[%clk 0:15:46]} dxc4 {[%clk 0:15:46]} 5. a4 {[%clk 0:15:55]} Bf5
{[%clk 0:15:54]} 6. Ne5 {[%clk 0:16:04]} Nbd7 {[%clk 0:16:04]} 7. Nxc4
{[%clk 0:16:13]} Qc7 {[%clk 0:16:13]} 8. g3 {[%clk 0:16:12]} e5 {[%clk 0:16:21]}
9. dxe5 {[%clk 0:16:30]} Nxe5 {[%clk 0:16:30]} 10. Bf4 {[%clk 0:16:39]} Nfd7
{[%clk 0:16:39]} 11. Bg2 {[%clk 0:16:47]} g5 {[%clk 0:16:41]} 12. Nxe5
{[%clk 0:16:55]} gxf4 {[%clk 0:16:50]} 13. Nxd7 {[%clk 0:17:04]} O-O-O
{[%clk 0:16:59]} 14. Qd4 {[%clk 0:17:12]} Qxd7 {[%clk 0:17:07]} 15. Qxf4
{[%clk 0:17:19]} Bd6 {[%clk 0:17:15]} 16. Qc1 {[%clk 0:17:28]} a5
{[%clk 0:17:13]} 17. O-O {[%clk 0:17:35]} Kb8 {[%clk 0:17:18]} 18. e4
{[%clk 0:16:51]} Be6 {[%clk 0:16:55]} 19. Qh6 {[%clk 0:16:32]} Qc7
{[%clk 0:16:19]} 20. Rfd1 {[%clk 0:15:07]} Be5 {[%clk 0:15:28]} 21. Bh3
{[%clk 0:13:58]} Bb3 {[%clk 0:14:57]} 22. Rxd8+ {[%clk 0:14:02]} Rxd8
{[%clk 0:15:03]} 23. Bg4 {[%clk 0:10:47]} Qb6 {[%clk 0:14:16]} 24. Qxh7
{[%clk 0:08:49]} Rd2 {[%clk 0:13:23]} 25. Qf5 {[%clk 0:08:55]} f6
{[%clk 0:12:29]} 26. Nd1 {[%clk 0:08:32]} Qd4 {[%clk 0:09:17]} 27. Qf3
{[%clk 0:08:40]} Bxa4 {[%clk 0:08:46]} 28. Qc3 {[%clk 0:05:05]} Qxc3
{[%clk 0:06:13]} 29. Nxc3 {[%clk 0:04:59]} Bb3 {[%clk 0:06:20]} 30. Nd1
{[%clk 0:04:06]} a4 {[%clk 0:05:53]} 31. h4 {[%clk 0:04:02]} a3 {[%clk 0:05:38]}
32. Rxa3 {[%clk 0:03:36]} Bxd1 {[%clk 0:05:46]} 33. Bxd1 {[%clk 0:03:40]} Rxd1+
{[%clk 0:05:53]} 34. Kg2 {[%clk 0:03:50]} Bxb2 {[%clk 0:06:01]} 35. Rb3
{[%clk 0:03:56]} Ba1 {[%clk 0:04:09]} 36. h5 {[%clk 0:04:03]} b5 {[%clk 0:03:30]}
37. h6 {[%clk 0:04:11]} Rd8 {[%clk 0:03:24]} 38. f4 {[%clk 0:03:51]} Rh8
{[%clk 0:03:23]} 39. Rb1 {[%clk 0:04:01]} Bd4 {[%clk 0:03:08]} 40. Rh1
{[%clk 0:04:09]} Kc7 {[%clk 0:03:03]} 41. Kf3 {[%clk 0:04:17]} Kd6
{[%clk 0:03:01]} 42. Ke2 {[%clk 0:04:26]} Ke6 {[%clk 0:02:45]} 43. Kd3
{[%clk 0:04:35]} c5 {[%clk 0:02:55]} 44. g4 {[%clk 0:04:26]} Kf7 {[%clk 0:03:03]}
45. e5 {[%clk 0:04:33]} fxe5 {[%clk 0:03:08]} 46. f5 {[%clk 0:04:42]} e4+
{[%clk 0:02:00]} 47. Kxe4 {[%clk 0:04:50]} b4 {[%clk 0:01:46]} 48. g5
{[%clk 0:04:55]} b3 {[%clk 0:01:55]} 49. Kd3 {[%clk 0:02:14]} b2 {[%clk 0:01:55]}
50. Kc2 {[%clk 0:02:23]} Ra8 {[%clk 0:01:55]} 51. g6+ {[%clk 0:01:24]} Kf6
{[%clk 0:01:32]} 52. g7 {[%clk 0:01:32]} Kf7 {[%clk 0:00:44]} 53. f6
{[%clk 0:00:44]} Bxf6 {[%clk 0:00:26]} 54. Rg1 {[%clk 0:00:53]} Kg8
{[%clk 0:00:22]} 55. Rg6 {[%clk 0:01:01]} Rb8 {[%clk 0:00:31]} 56. Kb1
{[%clk 0:01:10]} Bd4 {[%clk 0:00:31]} 57. Rc6 {[%clk 0:00:31]} Kh7
{[%clk 0:00:32]} 58. Rc7 {[%clk 0:00:30]} Kxh6 {[%clk 0:00:27]} 59. Rb7
{[%clk 0:00:39]} Rg8 {[%clk 0:00:35]} 0-1

[Event "Russian Championship (Rapid, Men)"]
[Site "Sochi"]
[Date "2018.10.05"]
[Round "5.4"]
[White "Demidov, Mikhail"]
[Black "Morozevich, Alexander"]
[Result "0-1"]
[BlackElo "2672"]
[WhiteElo "2595"]
[LiveChessVersion "1.4.8"]

1. Nf3 {[%clk 0:15:11]} d5 {[%clk 0:15:14]} 2. d4 {[%clk 0:15:19]} Bf5
{[%clk 0:15:21]} 3. Bf4 {[%clk 0:15:17]} e6 {[%clk 0:15:29]} 4. e3
{[%clk 0:15:22]} Bd6 {[%clk 0:15:38]} 5. Bxd6 {[%clk 0:15:19]} Qxd6
{[%clk 0:15:44]} 6. c4 {[%clk 0:14:54]} c6 {[%clk 0:15:36]} 7. Nc3
{[%clk 0:15:02]} Nd7 {[%clk 0:15:38]} 8. Bd3 {[%clk 0:14:55]} Bg4
{[%clk 0:15:29]} 9. h3 {[%clk 0:14:54]} Bh5 {[%clk 0:15:36]} 10. Qb3
{[%clk 0:11:01]} Rb8 {[%clk 0:15:32]} 11. a4 {[%clk 0:10:40]} a5 {[%clk 0:14:39]}
12. Qa3 {[%clk 0:10:11]} Qxa3 {[%clk 0:14:44]} 13. Rxa3 {[%clk 0:09:38]} dxc4
{[%clk 0:12:18]} 14. Bxc4 {[%clk 0:09:45]} Bxf3 {[%clk 0:11:54]} 15. gxf3
{[%clk 0:09:53]} e5 {[%clk 0:12:02]} 16. Ne4 {[%clk 0:06:08]} Ke7
{[%clk 0:11:33]} 17. Ng5 {[%clk 0:06:00]} Nh6 {[%clk 0:10:43]} 18. Ke2
{[%clk 0:06:04]} Rhd8 {[%clk 0:09:52]} 19. dxe5 {[%clk 0:04:45]} Nxe5
{[%clk 0:09:59]} 20. Ba2 {[%clk 0:04:54]} f6 {[%clk 0:07:11]} 21. Ne6
{[%clk 0:03:08]} Rd6 {[%clk 0:07:20]} 22. f4 {[%clk 0:03:04]} Ng6
{[%clk 0:06:29]} 23. Nc5 {[%clk 0:02:08]} Rbd8 {[%clk 0:05:44]} 24. Rd3
{[%clk 0:02:14]} Rxd3 {[%clk 0:05:42]} 25. Nxd3 {[%clk 0:02:23]} Nf5
{[%clk 0:05:17]} 26. Rc1 {[%clk 0:02:17]} Nd6 {[%clk 0:05:16]} 27. Rg1
{[%clk 0:02:03]} b6 {[%clk 0:04:22]} 28. b4 {[%clk 0:01:04]} Ra8 {[%clk 0:03:51]}
29. Bb3 {[%clk 0:01:10]} Kd7 {[%clk 0:02:25]} 30. h4 {[%clk 0:01:06]} Nf5
{[%clk 0:01:56]} 31. h5 {[%clk 0:00:40]} Nge7 {[%clk 0:02:06]} 32. Bc2
{[%clk 0:00:32]} g6 {[%clk 0:02:05]} 33. hxg6 {[%clk 0:00:37]} hxg6
{[%clk 0:02:14]} 34. bxa5 {[%clk 0:00:39]} Rxa5 {[%clk 0:02:21]} 35. Rb1
{[%clk 0:00:43]} Nd5 {[%clk 0:02:00]} 36. Kd2 {[%clk 0:00:43]} Nd6
{[%clk 0:02:09]} 37. Rg1 {[%clk 0:00:44]} Ne4+ {[%clk 0:01:00]} 38. Kc1
{[%clk 0:00:51]} Ne7 {[%clk 0:01:09]} 39. Kb2 {[%clk 0:00:18]} Rh5
{[%clk 0:01:04]} 40. Rg2 {[%clk 0:00:27]} Nd6 {[%clk 0:00:36]} 41. Ne1
{[%clk 0:00:23]} Rh6 {[%clk 0:00:25]} 42. Bd3 {[%clk 0:00:23]} c5
{[%clk 0:00:30]} 43. Nf3 {[%clk 0:00:28]} c4 {[%clk 0:00:28]} 44. Bc2
{[%clk 0:00:34]} Kc6 {[%clk 0:00:33]} 45. e4 {[%clk 0:00:15]} Kc5
{[%clk 0:00:44]} 46. e5 fxe5 {[%clk 0:00:44]} 47. Nxe5 {[%clk 0:00:26]} Kb4
{[%clk 0:00:31]} 48. Nxg6 {[%clk 0:00:31]} Nd5 {[%clk 0:00:28]} 49. Rg5
{[%clk 0:00:23]} Nc3 {[%clk 0:00:21]} 50. Ne5 {[%clk 0:00:18]} Nxa4+
{[%clk 0:00:28]} 51. Ka2 {[%clk 0:00:25]} b5 {[%clk 0:00:19]} 52. Nc6+
{[%clk 0:00:27]} Kc3 {[%clk 0:00:28]} 53. Bxa4 {[%clk 0:00:32]} bxa4
{[%clk 0:00:38]} 54. Rg3+ {[%clk 0:00:40]} Kd2 {[%clk 0:00:39]} 55. Ne5
{[%clk 0:00:17]} c3 {[%clk 0:00:48]} 56. Nf3+ {[%clk 0:00:23]} Kd3
{[%clk 0:00:26]} 57. Ne5+ {[%clk 0:00:29]} Kc2 {[%clk 0:00:28]} 58. Ka3
{[%clk 0:00:22]} Ne4 {[%clk 0:00:22]} 59. Rf3 {[%clk 0:00:12]} Rb6
{[%clk 0:00:28]} 60. f5 {[%clk 0:00:14]} Kb1 {[%clk 0:00:15]} 61. Nd3
{[%clk 0:00:16]} c2 {[%clk 0:00:21]} 62. f6 {[%clk 0:00:18]} Rb3+
{[%clk 0:00:21]} 63. Kxa4 {[%clk 0:00:27]} Rxd3 {[%clk 0:00:22]} 64. Rxd3
{[%clk 0:00:33]} c1=Q {[%clk 0:00:29]} 0-1